| 000 | 00629nam a2200205Ia 4500 | ||
|---|---|---|---|
| 003 | GCL | ||
| 005 | 20240530102448.0 | ||
| 008 | 140319s9999 xx 000 0 ara d | ||
| 040 |
_aGCL / _cGCL |
||
| 082 | 0 | 4 |
_a419 _bا ت |
| 100 | 1 | _aاحمد مختار عمر | |
| 245 | 1 | 0 |
_aتاريخ اللغة العربية فى مصر والمغرب الادنى / _cاحمد مختار عمر |
| 260 |
_a[S.N] : _bعالم الكتب الحديث ، _c1992 |
||
| 300 | _a314 ص | ||
| 650 | 0 | 4 | _aتاريخ |
| 650 | 0 | 4 | _aالنحو |
| 650 | 0 | 4 | _aاللغة العربية |
| 650 | 0 | 4 | _aاللغة القبطية |
| 942 |
_2ddc _cBK |
||
| 999 |
_c32406 _d32406 |
||